<?xml version="1.0" encoding="UTF-8"?>
<record
    xmlns:xsi="http://www.w3.org/2001/XMLSchema-instance"
    xsi:schemaLocation="http://www.loc.gov/MARC21/slim http://www.loc.gov/standards/marcxml/schema/MARC21slim.xsd"
    xmlns="http://www.loc.gov/MARC21/slim">

  <leader>02165nam0a2200349 i 4500</leader>
  <controlfield tag="001">RU\NLR\BIBL_A\011212039</controlfield>
  <controlfield tag="005">20260408080541.0</controlfield>
  <datafield tag="010" ind1=" " ind2=" ">
    <subfield code="a">9785931794464</subfield>
    <subfield code="9">200</subfield>
  </datafield>
  <datafield tag="021" ind1=" " ind2=" ">
    <subfield code="a">RU</subfield>
    <subfield code="b">2016-66069</subfield>
    <subfield code="9">4226</subfield>
  </datafield>
  <datafield tag="035" ind1=" " ind2=" ">
    <subfield code="a">(NLR Aleph) 011212039</subfield>
  </datafield>
  <datafield tag="090" ind1=" " ind2=" ">
    <subfield code="a">11978171</subfield>
    <subfield code="c">11978171</subfield>
  </datafield>
  <datafield tag="100" ind1=" " ind2=" ">
    <subfield code="a">20160914d2016    k  y0rusy50      ca</subfield>
  </datafield>
  <datafield tag="101" ind1="0" ind2=" ">
    <subfield code="a">rus</subfield>
  </datafield>
  <datafield tag="102" ind1=" " ind2=" ">
    <subfield code="a">RU</subfield>
  </datafield>
  <datafield tag="105" ind1=" " ind2=" ">
    <subfield code="a">y   z   000yy</subfield>
  </datafield>
  <datafield tag="200" ind1="1" ind2=" ">
    <subfield code="a">&#x413;&#x43E;&#x441;&#x443;&#x434;&#x430;&#x440;&#x441;&#x442;&#x432;&#x435;&#x43D;&#x43D;&#x43E;-&#x43F;&#x440;&#x430;&#x432;&#x43E;&#x432;&#x430;&#x44F; &#x43F;&#x43E;&#x43B;&#x438;&#x442;&#x438;&#x43A;&#x430; &#x43F;&#x43E; &#x437;&#x430;&#x449;&#x438;&#x442;&#x435; &#x434;&#x435;&#x442;&#x441;&#x442;&#x432;&#x430; &#x432; &#x420;&#x43E;&#x441;&#x441;&#x438;&#x438;: &#x438;&#x441;&#x442;&#x43E;&#x440;&#x438;&#x447;&#x435;&#x441;&#x43A;&#x438;&#x435; &#x430;&#x441;&#x43F;&#x435;&#x43A;&#x442;&#x44B;</subfield>
    <subfield code="e">&#x43D;&#x430;&#x443;&#x447;&#x43D;&#x430;&#x44F; &#x43C;&#x43E;&#x43D;&#x43E;&#x433;&#x440;&#x430;&#x444;&#x438;&#x44F;</subfield>
    <subfield code="f">[&#x413;&#x440;&#x435;&#x431;&#x435;&#x43D;&#x43A;&#x438;&#x43D; &#x410;.&#x41D;. - &#x43A;.&#x438;&#x441;&#x442;.&#x43D;., &#x434;&#x43E;&#x446;., &#x415;&#x43B;&#x438;&#x441;&#x435;&#x435;&#x432; &#x410;.&#x41B;. - &#x43A;.&#x438;&#x441;&#x442;.&#x43D;., &#x434;&#x43E;&#x446;., &#x41C;&#x430;&#x442;&#x432;&#x435;&#x435;&#x432;&#x430; &#x415;.&#x421;. - &#x43A;.&#x438;&#x441;&#x442;.&#x43D;., &#x434;&#x43E;&#x446;. &#x438; &#x434;&#x440;.]</subfield>
    <subfield code="g">&#x43F;&#x43E;&#x434; &#x43E;&#x431;&#x449;. &#x440;&#x435;&#x434;. &#x434;.&#x438;&#x441;&#x442;.&#x43D;. &#x41F;.&#x410;. &#x41C;&#x435;&#x440;&#x43A;&#x443;&#x43B;&#x43E;&#x432;&#x430;</subfield>
    <subfield code="g">&#x424;&#x435;&#x434;&#x435;&#x440;. &#x433;&#x43E;&#x441;. &#x431;&#x44E;&#x434;&#x436;&#x435;&#x442;. &#x43E;&#x431;&#x440;&#x430;&#x437;&#x43E;&#x432;&#x430;&#x442;. &#x443;&#x447;&#x440;&#x435;&#x436;&#x434;&#x435;&#x43D;&#x438;&#x435; &#x432;&#x44B;&#x441;&#x448;. &#x43E;&#x431;&#x440;&#x430;&#x437;&#x43E;&#x432;&#x430;&#x43D;&#x438;&#x44F; &#x420;&#x43E;&#x441;. &#x430;&#x43A;&#x430;&#x434;. &#x43D;&#x430;&#x440;. &#x445;&#x43E;&#x437;-&#x432;&#x430; &#x438; &#x433;&#x43E;&#x441;. &#x441;&#x43B;&#x443;&#x436;&#x431;&#x44B; &#x43F;&#x440;&#x438; &#x41F;&#x440;&#x435;&#x437;&#x438;&#x434;&#x435;&#x43D;&#x442;&#x435; &#x420;&#x43E;&#x441;. &#x424;&#x435;&#x434;&#x435;&#x440;&#x430;&#x446;&#x438;&#x438;, &#x41E;&#x440;&#x43B;. &#x444;&#x438;&#x43B;.</subfield>
  </datafield>
  <datafield tag="210" ind1=" " ind2=" ">
    <subfield code="a">&#x41E;&#x440;&#x451;&#x43B;</subfield>
    <subfield code="c">&#x418;&#x437;&#x434;-&#x432;&#x43E; &#x41E;&#x424; &#x420;&#x410;&#x41D;&#x425;&#x438;&#x413;&#x421;</subfield>
    <subfield code="d">2016</subfield>
  </datafield>
  <datafield tag="215" ind1=" " ind2=" ">
    <subfield code="a">158 &#x441;.</subfield>
    <subfield code="d">20</subfield>
  </datafield>
  <datafield tag="300" ind1=" " ind2=" ">
    <subfield code="a">&#x410;&#x432;&#x442;. &#x443;&#x43A;&#x430;&#x437;&#x430;&#x43D;&#x44B; &#x43D;&#x430; &#x43E;&#x431;&#x43E;&#x440;&#x43E;&#x442;&#x435; &#x442;&#x438;&#x442;. &#x43B;.</subfield>
  </datafield>
  <datafield tag="320" ind1=" " ind2=" ">
    <subfield code="a">&#x411;&#x438;&#x431;&#x43B;&#x438;&#x43E;&#x433;&#x440;.: &#x441;. 143-156</subfield>
  </datafield>
  <datafield tag="606" ind1="1" ind2=" ">
    <subfield code="a">&#x414;&#x435;&#x442;&#x441;&#x442;&#x432;&#x43E;</subfield>
    <subfield code="x">&#x41F;&#x440;&#x430;&#x432;&#x43E;&#x432;&#x430;&#x44F; &#x437;&#x430;&#x449;&#x438;&#x442;&#x430;</subfield>
    <subfield code="x">&#x418;&#x441;&#x442;&#x43E;&#x440;&#x438;&#x44F;</subfield>
    <subfield code="y">&#x420;&#x43E;&#x441;&#x441;&#x438;&#x44F;</subfield>
    <subfield code="9">2304206</subfield>
    <subfield code="3">RU\NLR\AUTH\6601605624</subfield>
  </datafield>
  <datafield tag="686" ind1="1" ind2=" ">
    <subfield code="a">&#x425;839(2)742</subfield>
  </datafield>
  <datafield tag="701" ind1=" " ind2="1">
    <subfield code="7">ca</subfield>
    <subfield code="8">rus</subfield>
    <subfield code="a">&#x413;&#x440;&#x435;&#x431;&#x435;&#x43D;&#x43A;&#x438;&#x43D;</subfield>
    <subfield code="b">&#x410;. &#x41D;.</subfield>
    <subfield code="g">&#x410;&#x43B;&#x435;&#x43A;&#x441;&#x435;&#x439; &#x41D;&#x438;&#x43A;&#x43E;&#x43B;&#x430;&#x435;&#x432;&#x438;&#x447;</subfield>
    <subfield code="9">175599</subfield>
    <subfield code="3">RU\NLR\AUTH\770175650</subfield>
  </datafield>
  <datafield tag="701" ind1=" " ind2="1">
    <subfield code="a">&#x415;&#x43B;&#x438;&#x441;&#x435;&#x435;&#x432;</subfield>
    <subfield code="b">&#x410;. &#x41B;.</subfield>
    <subfield code="g">&#x410;&#x43D;&#x430;&#x442;&#x43E;&#x43B;&#x438;&#x439; &#x41B;&#x435;&#x43E;&#x43D;&#x438;&#x434;&#x43E;&#x432;&#x438;&#x447;</subfield>
  </datafield>
  <datafield tag="701" ind1=" " ind2="1">
    <subfield code="a">&#x41C;&#x430;&#x442;&#x432;&#x435;&#x435;&#x432;&#x430;</subfield>
    <subfield code="b">&#x415;. &#x421;.</subfield>
    <subfield code="c">&#x43A;&#x430;&#x43D;&#x434;. &#x438;&#x441;&#x442;. &#x43D;&#x430;&#x443;&#x43A;</subfield>
    <subfield code="g">&#x415;&#x432;&#x433;&#x435;&#x43D;&#x438;&#x44F; &#x421;&#x435;&#x440;&#x433;&#x435;&#x435;&#x432;&#x43D;&#x430;</subfield>
    <subfield code="9">148402</subfield>
    <subfield code="3">RU\NLR\AUTH\770148438</subfield>
  </datafield>
  <datafield tag="702" ind1=" " ind2="1">
    <subfield code="a">&#x41C;&#x435;&#x440;&#x43A;&#x443;&#x43B;&#x43E;&#x432;</subfield>
    <subfield code="b">&#x41F;. &#x410;.</subfield>
    <subfield code="f">1963-</subfield>
    <subfield code="g">&#x41F;&#x430;&#x432;&#x435;&#x43B; &#x410;&#x43B;&#x435;&#x43A;&#x441;&#x430;&#x43D;&#x434;&#x440;&#x43E;&#x432;&#x438;&#x447;</subfield>
    <subfield code="4">340</subfield>
  </datafield>
  <datafield tag="712" ind1="0" ind2="2">
    <subfield code="4">570</subfield>
    <subfield code="a">&#x420;&#x43E;&#x441;&#x441;&#x438;&#x439;&#x441;&#x43A;&#x430;&#x44F; &#x430;&#x43A;&#x430;&#x434;&#x435;&#x43C;&#x438;&#x44F; &#x43D;&#x430;&#x440;&#x43E;&#x434;&#x43D;&#x43E;&#x433;&#x43E; &#x445;&#x43E;&#x437;&#x44F;&#x439;&#x441;&#x442;&#x432;&#x430; &#x438; &#x433;&#x43E;&#x441;&#x443;&#x434;&#x430;&#x440;&#x441;&#x442;&#x432;&#x435;&#x43D;&#x43D;&#x43E;&#x439; &#x441;&#x43B;&#x443;&#x436;&#x431;&#x44B;</subfield>
    <subfield code="b">&#x41E;&#x440;&#x43B;&#x43E;&#x432;&#x441;&#x43A;&#x438;&#x439; &#x444;&#x438;&#x43B;&#x438;&#x430;&#x43B;</subfield>
    <subfield code="3">RU\NLR\AUTH\8810220513</subfield>
    <subfield code="9">326182</subfield>
  </datafield>
  <datafield tag="942" ind1=" " ind2=" ">
    <subfield code="c">BOOK</subfield>
  </datafield>
  <datafield tag="980" ind1=" " ind2=" ">
    <subfield code="a">NBR</subfield>
  </datafield>
</record>
